MARC details
| 000 -LEADER |
| fixed length control field |
01566cam a22004094a 4500 |
| 001 - CONTROL NUMBER |
| control field |
sjds52214653 |
| 003 - CONTROL NUMBER IDENTIFIER |
| control field |
sjds |
| 005 - DATE AND TIME OF LATEST TRANSACTION |
| control field |
20240305105021.0 |
| 008 - FIXED-LENGTH DATA ELEMENTS--GENERAL INFORMATION |
| fixed length control field |
030428s2003 nyua j 000 1 spa |
| 010 ## - LIBRARY OF CONGRESS CONTROL NUMBER |
| LC control number |
2003047719 |
| 020 ## - INTERNATIONAL STANDARD BOOK NUMBER |
| International Standard Book Number |
1584301805 (hc.) |
| 020 ## - INTERNATIONAL STANDARD BOOK NUMBER |
| International Standard Book Number |
9781584301806 (hc.) : |
| Terms of availability |
$16.95 |
| 020 ## - INTERNATIONAL STANDARD BOOK NUMBER |
| International Standard Book Number |
1584301813 (pbk.) |
| 020 ## - INTERNATIONAL STANDARD BOOK NUMBER |
| International Standard Book Number |
9781584301813 (pbk.) |
| 040 ## - CATALOGING SOURCE |
| Original cataloging agency |
DLC |
| Transcribing agency |
DLC |
| Modifying agency |
TEF |
| -- |
BAKER |
| -- |
BTCTA |
| -- |
YDXCP |
| -- |
IG# |
| -- |
JTB |
| 041 1# - LANGUAGE CODE |
| Language code of text/sound track or separate title |
spa |
| Language code of original |
eng |
| 042 ## - AUTHENTICATION CODE |
| Authentication code |
pcc |
| -- |
lcac |
| 050 10 - LIBRARY OF CONGRESS CALL NUMBER |
| Classification number |
PZ73 |
| Item number |
.M4975 2003 |
| 082 14 - DEWEY DECIMAL CLASSIFICATION NUMBER |
| Classification number |
[E] |
| Edition number |
21 |
| 092 ## - LOCALLY ASSIGNED DEWEY CALL NUMBER (OCLC) |
| Classification number |
E SPA/MILLER |
| 100 1# - MAIN ENTRY--PERSONAL NAME |
| Personal name |
Miller, William, |
| Dates associated with a name |
1959- |
| 240 10 - UNIFORM TITLE |
| Uniform title |
<a href="Richard Wright and the library card.">Richard Wright and the library card.</a> |
| Language of a work |
Spanish. |
| 245 10 - TITLE STATEMENT |
| Title |
Richard Wright y el carne de biblioteca / |
| Statement of responsibility, etc. |
por William Miller ; ilustrado por Gregory Christie ; traducido por Eida de la Vega. |
| 250 ## - EDITION STATEMENT |
| Edition statement |
1st ed. |
| 260 ## - PUBLICATION, DISTRIBUTION, ETC. (IMPRINT) |
| Place of publication, distribution, etc. |
New York : |
| Name of publisher, distributor, etc. |
Lee and Low Books, |
| Date of publication, distribution, etc. |
2003. |
| 300 ## - PHYSICAL DESCRIPTION |
| Extent |
1 v. (unpaged) : |
| Other physical details |
col. ill. ; |
| Dimensions |
26 cm. |
| 520 ## - SUMMARY, ETC. |
| Summary, etc. |
Based on a scene from Wright's autobiography, Black boy, in which the seventeen-year-old African-American borrows a white man's library card and devours every book as a ticket to freedom. |
| 521 1# - TARGET AUDIENCE NOTE |
| Target audience note |
007-010. |
| 600 10 - SUBJECT ADDED ENTRY--PERSONAL NAME |
| Personal name |
Wright, Richard, |
| Dates associated with a name |
1908-1960 |
| Form subdivision |
Juvenile fiction. |
| 600 17 - SUBJECT ADDED ENTRY--PERSONAL NAME |
| Personal name |
Wright, Richard, |
| Dates associated with a name |
1908-1960 |
| Form subdivision |
Novela juvenil. |
| Source of heading or term |
bidex. |
| 650 #0 - SUBJECT ADDED ENTRY--TOPICAL TERM |
| Topical term or geographic name as entry element |
African Americans |
| Form subdivision |
Juvenile fiction. |
| 650 #7 - SUBJECT ADDED ENTRY--TOPICAL TERM |
| Topical term or geographic name as entry element |
Afronorteamericanos |
| Form subdivision |
Novela juvenil. |
| Source of heading or term |
bidex. |
| 650 #7 - SUBJECT ADDED ENTRY--TOPICAL TERM |
| Topical term or geographic name as entry element |
Bibliotecas |
| Form subdivision |
Novela juvenil. |
| Source of heading or term |
bidex. |
| 700 1# - ADDED ENTRY--PERSONAL NAME |
| Personal name |
Christie, R. Gregory, |
| Dates associated with a name |
1971- |
| Relator term |
ill. |
| 700 1# - ADDED ENTRY--PERSONAL NAME |
| Personal name |
Vega, Eida de la. |
| 942 ## - ADDED ENTRY ELEMENTS (KOHA) |
| Koha item type |
Libro/Book |